Israelte Pukna leh Dindawkitna / (Record no. 5385)
[ view plain ]
| 000 -LEADER | |
|---|---|
| fixed length control field | 00497nam a22001817a 4500 |
| 003 - CONTROL NUMBER IDENTIFIER | |
| control field | GBCCL |
| 005 - DATE AND TIME OF LATEST TRANSACTION | |
| control field | 20241126110540.0 |
| 008 - FIXED-LENGTH DATA ELEMENTS--GENERAL INFORMATION | |
| fixed length control field | 180316b ||||| |||| 00| 0 eng d |
| 040 ## - CATALOGING SOURCE | |
| Transcribing agency | gbc |
| 082 ## - DEWEY DECIMAL CLASSIFICATION NUMBER | |
| Classification number | VER 221.95 |
| Item number | KHA |
| 100 ## - MAIN ENTRY--PERSONAL NAME | |
| Personal name | Khaizakham, Kh. |
| 9 (RLIN) | 8513 |
| 245 ## - TITLE STATEMENT | |
| Title | Israelte Pukna leh Dindawkitna / |
| Statement of responsibility, etc. | Kh. Khaizakham & P. Kapa Vaiphei |
| 250 ## - EDITION STATEMENT | |
| Edition statement | 2nd Ed. |
| 260 ## - PUBLICATION, DISTRIBUTION, ETC. | |
| Place of publication, distribution, etc. | Imphal: |
| Name of publisher, distributor, etc. | Khaisommang, |
| Date of publication, distribution, etc. | 2012 |
| 300 ## - PHYSICAL DESCRIPTION | |
| Extent | 99 p.; |
| Dimensions | 21 cm. |
| 650 ## - SUBJECT ADDED ENTRY--TOPICAL TERM | |
| Topical term or geographic name entry element | Bible |
| Form subdivision | History |
| Geographic subdivision | Israel |
| 9 (RLIN) | 9685 |
| 942 ## - ADDED ENTRY ELEMENTS (KOHA) | |
| Source of classification or shelving scheme | Dewey Decimal Classification |
| Koha item type | Books |
| Koha issues (borrowed), all copies | 3 |
| Withdrawn status | Lost status | Source of classification or shelving scheme | Damaged status | Not for loan | Home library | Current Library | Shelving location | Date acquired | Total checkouts | Full call number | Barcode | Date last seen | Date last checked out | Copy number | Price effective from | Koha item type |
|---|---|---|---|---|---|---|---|---|---|---|---|---|---|---|---|---|
| Dewey Decimal Classification | GRACE BIBLE COLLEGE | GRACE BIBLE COLLEGE | Vernacular | 2018-03-16 | 1 | VER 221.95 KHA | 010725 | 2025-05-01 | 2022-03-04 | c.3 | 2018-03-16 | Books | ||||
| Dewey Decimal Classification | GRACE BIBLE COLLEGE | GRACE BIBLE COLLEGE | Vernacular | 2018-03-16 | 2 | VER 221.95 KHA | 010724 | 2025-05-01 | 2024-11-04 | c.2 | 2018-03-16 | Books | ||||
| Dewey Decimal Classification | GRACE BIBLE COLLEGE | GRACE BIBLE COLLEGE | Vernacular | 2018-03-16 | VER 221.95 KHA | 010715 | 2025-05-01 | c.1 | 2018-03-16 | Books |